<?xml version="1.0" encoding="UTF-8"?>
<collection xmlns="http://www.loc.gov/MARC21/slim">
 <record>
  <leader>01704nam a2200205Ia 4500</leader>
  <controlfield tag="001">CTU_27297</controlfield>
  <controlfield tag="008">210402s9999    xx            000 0 und d</controlfield>
  <datafield tag="020" ind1=" " ind2=" ">
   <subfield code="b">133.67Dfl</subfield>
  </datafield>
  <datafield tag="082" ind1=" " ind2=" ">
   <subfield code="a">624.0285</subfield>
  </datafield>
  <datafield tag="082" ind1=" " ind2=" ">
   <subfield code="b">A769</subfield>
  </datafield>
  <datafield tag="100" ind1=" " ind2=" ">
   <subfield code="a">M Arockiasamy</subfield>
  </datafield>
  <datafield tag="245" ind1=" " ind2="0">
   <subfield code="a">Expert systems application for structural, transportation, and environmental engineering</subfield>
  </datafield>
  <datafield tag="245" ind1=" " ind2="0">
   <subfield code="c">M Arockiasamy</subfield>
  </datafield>
  <datafield tag="260" ind1=" " ind2=" ">
   <subfield code="a">Boca Raton, Florida</subfield>
  </datafield>
  <datafield tag="260" ind1=" " ind2=" ">
   <subfield code="b">CRC Press</subfield>
  </datafield>
  <datafield tag="260" ind1=" " ind2=" ">
   <subfield code="c">1992</subfield>
  </datafield>
  <datafield tag="520" ind1=" " ind2=" ">
   <subfield code="a">The book is structured in seven chapters with a comprehensive presentation of expert system applications. Chapter 1 describes the expert systems components including the characteristics of expert systems. Chapter 2 presents the expert system methodologies for design application, and selected applications to structural design. Chapter 3 covers design standards to improve the representation, organization, analysis and use of standards. Chapter 4 outlines typical expert systems intended for construction engineering and management applications. Chapter 5 includes the main concepts underlying the expert systems with emphasis on bridge analysis, rating, and management. Chapter 6 describes expert systemsmethodology and applications which aid the transportation and highway engineer planning, design, and operation. And Chapter 7 focuses on several applications of expert in the fields of environmental and water resources engineering</subfield>
  </datafield>
  <datafield tag="650" ind1=" " ind2=" ">
   <subfield code="a">civil engineering - data processing,environmental engineering - data processing,expert systems ( computer science ),structural engineering - data processing,transportation engineering - data processing</subfield>
  </datafield>
  <datafield tag="904" ind1=" " ind2=" ">
   <subfield code="i">Minh, 981215</subfield>
  </datafield>
  <datafield tag="980" ind1=" " ind2=" ">
   <subfield code="a">Trung tâm Học liệu Trường Đại học Cần Thơ</subfield>
  </datafield>
 </record>
</collection>
